<?xml version="1.0" encoding="UTF-8"?>
<record
    xmlns:xsi="http://www.w3.org/2001/XMLSchema-instance"
    xsi:schemaLocation="http://www.loc.gov/MARC21/slim http://www.loc.gov/standards/marcxml/schema/MARC21slim.xsd"
    xmlns="http://www.loc.gov/MARC21/slim">

  <leader>02766nam a2200277 i 4500</leader>
  <controlfield tag="003">DO-SdBPM</controlfield>
  <controlfield tag="005">20260421090312.0</controlfield>
  <controlfield tag="007">ta</controlfield>
  <controlfield tag="008">230426e2012   dr ||||gr|||| 00| 0 spa d</controlfield>
  <datafield tag="040" ind1=" " ind2=" ">
    <subfield code="a">DO-SdBPM</subfield>
    <subfield code="b">spa</subfield>
    <subfield code="c">BPMSU </subfield>
    <subfield code="e">rda</subfield>
    <subfield code="d"> </subfield>
  </datafield>
  <datafield tag="082" ind1=" " ind2="4">
    <subfield code="a">348.022</subfield>
    <subfield code="b">P273e 2012</subfield>
    <subfield code="2">22</subfield>
  </datafield>
  <datafield tag="110" ind1="2" ind2=" ">
    <subfield code="a">Partido Revolucionario Dominicano </subfield>
  </datafield>
  <datafield tag="245" ind1="1" ind2="0">
    <subfield code="a">Estatutos generales :</subfield>
    <subfield code="b">Aprovados por la XXI convenci&#xF3;n nacional extraordinaria de fecha 28 de noviembre de 2004 y modificados en la XXIII convenci&#xF3;n nacional extraordinaria de fecha 16 de julio de 2005. /</subfield>
  </datafield>
  <datafield tag="246" ind1="1" ind2="3">
    <subfield code="a">Estatutos generales del PRD</subfield>
  </datafield>
  <datafield tag="264" ind1=" " ind2=" ">
    <subfield code="a">Santo Domingo :</subfield>
    <subfield code="b">Comisi&#xF3;n de Reforma Estatutaria,</subfield>
    <subfield code="c">2012</subfield>
  </datafield>
  <datafield tag="300" ind1=" " ind2=" ">
    <subfield code="a">100 p&#xE1;ginas :</subfield>
    <subfield code="c">20 cm.</subfield>
  </datafield>
  <datafield tag="336" ind1=" " ind2=" ">
    <subfield code="2">rdaconten</subfield>
    <subfield code="a">texto</subfield>
    <subfield code="b">txt</subfield>
  </datafield>
  <datafield tag="337" ind1=" " ind2=" ">
    <subfield code="2">rdamedia</subfield>
    <subfield code="a">sin medici&#xF3;n</subfield>
    <subfield code="b">n</subfield>
  </datafield>
  <datafield tag="338" ind1=" " ind2=" ">
    <subfield code="2">rdamedia</subfield>
    <subfield code="a">volumen</subfield>
    <subfield code="b">nc</subfield>
  </datafield>
  <datafield tag="505" ind1="0" ind2=" ">
    <subfield code="a">Cap&#xED;tulo I. Disposiciones Generales.-- Cap&#xED;tulo II. De los Simpatizantes, Militantes y Dirigentes.-- Cap&#xED;tulo III. De la Organizaci&#xF3;n Nacional del Partido.-- Cap&#xED;tulo IV. De la Convenci&#xF3;n Nacional.-- Cap&#xED;tulo V. Del Pleno Nacional de Dirigentes.-- Cap&#xED;tulo VI. Del Comit&#xE9; Ejecutivo Nacional.-- Cap&#xED;tulo VII. De la Comisi&#xF3;n Pol&#xED;tica del Comit&#xE9; Ejecutivo Nacional.-- Cap&#xED;tulo VIII. Del Presidium.-- Cap&#xED;tulo IX. Del Congreso y del Plebiscito.-- Cap&#xED;tulo X. De la Comisi&#xF3;n Nacional Consultiva.-- Cap&#xED;tulo XI. De las Comisiones de Control y de los Consejos de Disciplina.-- Cap&#xED;tulo XII. De la Presidencia del Partido.-- Cap&#xED;tulo XIII. De la Secretar&#xED;a General.-- Cap&#xED;tulo XIV. De las Secretar&#xED;as Nacionales y la Comisi&#xF3;n Conjunta.-- Cap&#xED;tulo XV. De los Departamentos Nacionales.-- Cap&#xED;tulo XVI. De los Consejos Regionales y su Clasificaci&#xF3;n.-- Cap&#xED;tulo XVII. De los Comit&#xE9;s Provinciales y sus Convenciones.-- Cap&#xED;tulo XVIII. De la Organizaci&#xF3;n del Distrito Nacional de los Municipios de la Provincia Santo Domingo, del Municipio de Santiago y sus Convenciones.-- Cap&#xED;tulo XIX. De los Municipios No Zonificados y de sus Convenciones.-- Cap&#xED;tulo XX. De los Municipios No Zonificados, de Distritos Municipales y de sus Convenciones.-- Cap&#xED;tulo XXI. De los Comit&#xE9;s de Colegios Electorales.-- Cap&#xED;tulo XXII. De las Seccionales del Exterior.-- Cap&#xED;tulo XXIII. De los Organismos Sectoriales Especializados.-- Cap&#xED;tulo XXIV. De las Fianzas del Partido y de su Control.-- Cap&#xED;tulo XXV. De las Elecciones para Puestos Dirigenciales en el Partido, de las Postulaciones para Cargos P&#xFA;blicos de Elecciones Populares y de la Representaci&#xF3;n Sectorial en los Organismos</subfield>
  </datafield>
  <datafield tag="590" ind1=" " ind2=" ">
    <subfield code="a">Inventariado 2026 / VM</subfield>
  </datafield>
  <datafield tag="610" ind1="1" ind2="7">
    <subfield code="a"> Partido Revolucionario Dominicano (PRD)</subfield>
    <subfield code="t">Estatutos</subfield>
    <subfield code="y">2005</subfield>
  </datafield>
  <datafield tag="650" ind1=" " ind2="7">
    <subfield code="a"> Partidos pol&#xED;ticos</subfield>
    <subfield code="z">Rep&#xFA;blica Dominicana </subfield>
  </datafield>
  <datafield tag="910" ind1=" " ind2=" ">
    <subfield code="a">VMateo V. Control de calidad. BPMSU </subfield>
  </datafield>
  <datafield tag="942" ind1=" " ind2=" ">
    <subfield code="2">ddc</subfield>
    <subfield code="c">BK</subfield>
  </datafield>
  <datafield tag="952" ind1=" " ind2=" ">
    <subfield code="0">0</subfield>
    <subfield code="1">0</subfield>
    <subfield code="2">ddc</subfield>
    <subfield code="7">0</subfield>
    <subfield code="8">CD</subfield>
    <subfield code="a">BPMET</subfield>
    <subfield code="b">BPMET</subfield>
    <subfield code="d">2026-04-21</subfield>
    <subfield code="l">0</subfield>
    <subfield code="o">BPMSU CD 348.022 P273e 2012</subfield>
    <subfield code="p">BPMSU26040014</subfield>
    <subfield code="r">2026-04-21</subfield>
    <subfield code="w">2026-04-21</subfield>
    <subfield code="y">BK</subfield>
  </datafield>
  <datafield tag="952" ind1=" " ind2=" ">
    <subfield code="0">0</subfield>
    <subfield code="1">0</subfield>
    <subfield code="2">ddc</subfield>
    <subfield code="7">0</subfield>
    <subfield code="8">CD</subfield>
    <subfield code="a">BPMET</subfield>
    <subfield code="b">BPMET</subfield>
    <subfield code="d">2026-04-21</subfield>
    <subfield code="l">0</subfield>
    <subfield code="o">BPMSU CD 348.022 P273e 2012</subfield>
    <subfield code="p">BPMSU26040015</subfield>
    <subfield code="r">2026-04-21</subfield>
    <subfield code="t">e.2</subfield>
    <subfield code="w">2026-04-21</subfield>
    <subfield code="y">BK</subfield>
  </datafield>
  <datafield tag="952" ind1=" " ind2=" ">
    <subfield code="0">0</subfield>
    <subfield code="1">0</subfield>
    <subfield code="2">ddc</subfield>
    <subfield code="7">0</subfield>
    <subfield code="8">CD</subfield>
    <subfield code="a">BPMET</subfield>
    <subfield code="b">BPMET</subfield>
    <subfield code="d">2026-04-21</subfield>
    <subfield code="l">0</subfield>
    <subfield code="o">BPMSU CD 348.022 P273e 2012</subfield>
    <subfield code="p">BPMSU26040016</subfield>
    <subfield code="r">2026-04-21</subfield>
    <subfield code="t">e.3</subfield>
    <subfield code="w">2026-04-21</subfield>
    <subfield code="y">BK</subfield>
  </datafield>
  <datafield tag="999" ind1=" " ind2=" ">
    <subfield code="c">15785</subfield>
    <subfield code="d">15785</subfield>
  </datafield>
</record>
